Textbook of Biotechnology (Record no. 11287)
[ view plain ]
| 000 -LEADER | |
|---|---|
| fixed length control field | 00682nam a22002417i 4500 |
| 003 - CONTROL NUMBER IDENTIFIER | |
| control field | URS |
| 005 - DATE AND TIME OF LATEST TRANSACTION | |
| control field | 20220117094520.0 |
| 008 - FIXED-LENGTH DATA ELEMENTS--GENERAL INFORMATION | |
| fixed length control field | 170126b xxu||||| |||| 00| 0 eng d |
| 020 ## - INTERNATIONAL STANDARD BOOK NUMBER | |
| International Standard Book Number | 9781926692432 |
| 040 ## - CATALOGING SOURCE | |
| Description conventions | rda |
| Transcribing agency | College |
| Language of cataloging | eng |
| 050 00 - LIBRARY OF CONGRESS CALL NUMBER | |
| Classification number | TP248.2 |
| Item number | T3142 2010 |
| 082 ## - DEWEY DECIMAL CLASSIFICATION NUMBER | |
| Classification number | 660.6099 |
| Item number | T22 2010 |
| 245 ## - TITLE STATEMENT | |
| Title | Textbook of Biotechnology |
| 264 #1 - PRODUCTION, PUBLICATION, DISTRIBUTION, MANUFACTURE, AND COPYRIGHT NOTICE | |
| Place of production, publication, distribution, manufacture | Ontario |
| Name of producer, publisher, distributor, manufacturer | Apple Academic Press Incorporated |
| Date of production, publication, distribution, manufacture, or copyright notice | 2010. |
| 300 ## - PHYSICAL DESCRIPTION | |
| Extent | 304 pages |
| Other physical details | illustrationss |
| Dimensions | 23.9 cm. |
| 336 ## - CONTENT TYPE | |
| Source | rda content |
| Content type term | text |
| 337 ## - MEDIA TYPE | |
| Source | rda media |
| Media type term | unmediated |
| 338 ## - CARRIER TYPE | |
| Source | rda carrier |
| Carrier type term | volume |
| 500 ## - GENERAL NOTE | |
| General note | Includes index |
| 650 ## - SUBJECT ADDED ENTRY--TOPICAL TERM | |
| Topical term or geographic name entry element | Biotechnology |
| 700 ## - ADDED ENTRY--PERSONAL NAME | |
| Personal name | Edited by Horace Emerson |
| 942 ## - ADDED ENTRY ELEMENTS (KOHA) | |
| Source of classification or shelving scheme | Library of Congress Classification |
| Koha item type | Foreign Books |
| Withdrawn status | Source of classification or shelving scheme | Damaged status | Not for loan | Collection code | Home library | Current library | Shelving location | Date acquired | Total Checkouts | Full call number | Barcode | Date last seen | Price effective from | Koha item type |
|---|---|---|---|---|---|---|---|---|---|---|---|---|---|---|
| Library of Congress Classification | Non-fiction | Rodriguez College Library | Rodriguez College Library | Reference | 01/26/2017 | TP248.2 T3142 2010 | URSROD-4143 | 01/26/2017 | 01/26/2017 | Foreign Books |